01253nam a22003977a 450000500170000000800410001702000180005804100080007608200210008410000210010524500340012625000160016026000130017626000090018926000090019830000180020749000470022550501810027265000330045365000250048665000250051165000190053665000190055565000280057465000340060265000310063665000140066765000140068165000500069565000210074565000120076665000170077865000180079565000240081365000180083720250703094556.0210816b2015 xxu||||| |||| 00| 0 spa d a9788416601059 aESP a658.406.3 L212r6 aLaloux, Frederic aReinventar las organizaciones a6 edición aEspaña bARPA c2015 a495 páginas aDirección y Administración de Empresas aParte I. Perspectiva histórica y del desarrollo Parte II. Estructuras, prácticas y culturas de la organización teal Parte III. El surgimiento de las organizaciones teal.  aINNOVACIÓN POR LA GERENCIA aCAMBIOS CORPORATIVOS aCAMBIOS DE PARADIGMA aTEAL-EVOLUTIVO aORGANIZACIONES aESTRUCTURAS PRÁCTICAS aCULTURAS DE LA ORGANIZACIÓN aGESTIÓN DEL DESEMPEÑO  aFEEDBACK  aMARKETING aCOMO TRANSFORMAR UNA ORGANIZACIÓN EXISTENTE aADMINISTRACIÓN aEMPRESA aINNOVACIÓN aAUTOGESTIÓN aORGANIZACIONES TEAL aSOCIEDAD TEAL